[Event "28th WSCC2018 - Open 50+"]
[Site "Bled"]
[Date "2018.11.19"]
[Round "2.1"]
[White "Sturua, Zurab"]
[Black "Kolesar, Milan"]
[Result "1-0"]
[WhiteElo "2529"]
[BlackElo "2198"]
[PlyCount "125"]
[EventDate "2018.11.18"]

1. c4 c6 2. Nf3 Nf6 3. d4 d5 4. Qc2 dxc4 5. Qxc4 Bf5 6. g3 e6 7. Bg2 Be7 8. O-O
O-O 9. e3 Nbd7 10. Rd1 Qc7 11. Nc3 Rad8 12. Qe2 e5 13. h3 Rfe8 14. e4 exd4 15.
Nxd4 Bg6 16. Bf4 Qc8 17. Rac1 Bb4 18. f3 Nh5 19. Bg5 Be7 20. Bxe7 Rxe7 21. Qf2
Nhf6 22. Nde2 Nb6 23. g4 Ne8 24. f4 f6 25. Ng3 Red7 26. Rxd7 Rxd7 27. Nf1 Qd8
28. b3 Rd3 29. Ne2 Rd1 30. Qc5 Rxc1 31. Qxc1 Qd3 32. Nfg3 Qd6 33. Qe3 Nc7 34.
h4 h6 35. Kf2 Nc8 36. g5 hxg5 37. hxg5 fxg5 38. f5 Bf7 39. Qxg5 Ne7 40. Qe3 Qa3
41. Qd2 Qc5+ 42. Kf1 Qe5 43. Qb4 b6 44. Qc3 Qxc3 45. Nxc3 Kf8 46. Kf2 c5 47. e5
Ned5 48. Nxd5 Bxd5 49. Bf1 a5 50. Bd3 b5 51. Ne2 b4 52. Nf4 Ke7 53. Ke3 a4 54.
bxa4 Bxa2 55. Be4 Bb3 56. a5 Bc4 57. Nd3 Nd5+ 58. Bxd5 Bxd5 59. Nxc5 b3 60. Kd2
Kf7 61. a6 g5 62. a7 g4 63. Nxb3 1-0

[Event "28th WSCC2018 - Open 50+"]
[Site "Bled"]
[Date "2018.11.19"]
[Round "2.2"]
[White "Habibi, Ali"]
[Black "Movsziszian, Karen"]
[Result "0-1"]
[WhiteElo "2237"]
[BlackElo "2513"]
[PlyCount "80"]
[EventDate "2018.11.18"]

1. c4 g6 2. Nf3 Bg7 3. d4 d6 4. Nc3 Nd7 5. e3 e5 6. Be2 Nh6 7. dxe5 dxe5 8. e4
O-O 9. O-O c6 10. h3 Qe7 11. Rb1 f5 12. b4 f4 13. c5 Kh8 14. Qd3 Nf7 15. Rd1
Nf6 16. Bb2 g5 17. Nh2 h5 18. f3 Be6 19. Qc2 Bh6 20. Rd2 Rg8 21. Qd1 Rg6 22.
Rd6 Nxd6 23. cxd6 Qf8 24. Na4 Nd7 25. Nc5 Bg7 26. Qd2 b6 27. Nxe6 Rxe6 28. Rd1
Rd8 29. Bc4 Rg6 30. Qd3 b5 31. Bb3 Nb6 32. Qc2 Rgxd6 33. Rxd6 Qxd6 34. Nf1 Nd7
35. Kh2 g4 36. fxg4 hxg4 37. hxg4 Nf6 38. g5 Nh7 39. g6 Qxg6 40. Nd2 Qg3+ 0-1

[Event "28th WSCC2018 - Open 50+"]
[Site "Bled"]
[Date "2018.11.19"]
[Round "2.3"]
[White "Bischoff, Klaus"]
[Black "Koehler, Gerhard"]
[Result "1-0"]
[WhiteElo "2507"]
[BlackElo "2197"]
[PlyCount "61"]
[EventDate "2018.11.18"]

1. d4 Nf6 2. c4 d6 3. Nc3 e5 4. Nf3 e4 5. Nd2 Qe7 6. Nb3 h6 7. h3 Bf5 8. g4 Bh7
9. g5 hxg5 10. Bxg5 c6 11. e3 Na6 12. a3 Bf5 13. Nd2 Nc7 14. d5 c5 15. Bg2 Qd7
16. Bxf6 gxf6 17. Qc2 O-O-O 18. O-O-O Be7 19. Bxe4 Bxe4 20. Ndxe4 f5 21. Ng3 f4
22. exf4 Rxh3 23. Rxh3 Qxh3 24. Rh1 Qg4 25. Qf5+ Qxf5 26. Nxf5 Kd7 27. Rh7 Rf8
28. Ne4 b5 29. b3 a6 30. Kc2 Na8 31. Rh6 1-0

[Event "28th WSCC2018 - Open 50+"]
[Site "Bled"]
[Date "2018.11.19"]
[Round "2.4"]
[White "Ernst, Michael"]
[Black "Danielsen, Henrik"]
[Result "0-1"]
[WhiteElo "2197"]
[BlackElo "2504"]
[PlyCount "132"]
[EventDate "2018.11.18"]

1. d4 c6 2. c3 Nf6 3. Bf4 d6 4. Nf3 Qb6 5. Qb3 Be6 6. Qc2 g6 7. Nbd2 d5 8. h3
Nbd7 9. e3 Bg7 10. Be2 O-O 11. O-O c5 12. Ne5 Rac8 13. Qb3 Rfd8 14. Ndf3 c4 15.
Qa3 Ne4 16. Rfc1 f6 17. Nxd7 Bxd7 18. Kf1 e6 19. Rab1 Bf8 20. b4 a5 21. Qxa5
Qxa5 22. bxa5 Ba3 23. Re1 Bc6 24. Rb6 Ra8 25. Bd1 g5 26. Bh2 Rxa5 27. Bc2 Nxc3
28. Rxc6 bxc6 29. Bc7 Rda8 30. Bxa5 Rxa5 31. e4 Nxe4 32. Bxe4 dxe4 33. Rxe4 Kf7
34. Re2 c3 35. Ne1 Bb2 36. Rc2 Rxa2 37. Ke2 Ra1 38. Nd3 Ra4 39. Ke3 Ba1 40. f4
h6 41. fxg5 hxg5 42. Nc5 Ra3 43. Ne4 Bb2 44. Kd3 Ke7 45. Kc4 Ra4+ 46. Kd3 Ra1
47. Nxc3 Bxc3 48. Kxc3 Rd1 49. Kc4 Kd6 50. Rf2 f5 51. Re2 Ra1 52. Kd3 Ra3+ 53.
Kc4 Rg3 54. Rf2 Re3 55. Rd2 Re4 56. Kc3 Kd5 57. Rd3 Rh4 58. Rg3 g4 59. Re3 gxh3
60. gxh3 Rxd4 61. Rxe6 Rc4+ 62. Kd3 Kxe6 63. Kxc4 Ke5 64. h4 Kf4 65. Kd4 Kg4
66. Ke5 f4 0-1

[Event "28th WSCC2018 - Open 50+"]
[Site "Bled"]
[Date "2018.11.19"]
[Round "2.5"]
[White "Prie, Eric"]
[Black "Biro, Sandor"]
[Result "1-0"]
[WhiteElo "2482"]
[BlackElo "2191"]
[PlyCount "75"]
[EventDate "2018.11.18"]

1. d4 Nc6 2. Nf3 d5 3. Nbd2 Bg4 4. h3 Bh5 5. e3 f6 6. Bb5 e6 7. c4 Nge7 8. cxd5
exd5 9. a3 a6 10. Be2 Nc8 11. Nb3 Nd6 12. Nc5 Qc8 13. Qa4 Be7 14. Ne5 Bxe2 15.
Nxc6 Bb5 16. Nxe7 Kxe7 17. Qc2 b6 18. a4 bxc5 19. axb5 c4 20. bxa6 Rxa6 21.
Rxa6 Qxa6 22. O-O g6 23. f3 Rb8 24. e4 Qb6 25. Rd1 Qb3 26. Qe2 Kf7 27. e5 Re8
28. Bf4 Nf5 29. g4 Nh4 30. Kf2 fxe5 31. dxe5 g5 32. Bxg5 Rxe5 33. Qxe5 Qxf3+
34. Ke1 Qh1+ 35. Kd2 Nf3+ 36. Ke3 Qxd1 37. Qe7+ Kg8 38. Qe6+ 1-0

[Event "28th WSCC2018 - Open 50+"]
[Site "Bled"]
[Date "2018.11.19"]
[Round "2.6"]
[White "Grant, Jonathan I M"]
[Black "Soffer, Ram"]
[Result "0-1"]
[WhiteElo "2192"]
[BlackElo "2472"]
[PlyCount "64"]
[EventDate "2018.11.18"]

1. c4 Nf6 2. Nc3 e5 3. Nf3 Nc6 4. e3 Be7 5. d4 exd4 6. exd4 d5 7. Bg5 Be6 8. c5
Ne4 9. Be3 O-O 10. Bb5 Nxc3 11. bxc3 Na5 12. O-O Nc4 13. Bf4 b6 14. Bc6 Rb8 15.
Qa4 bxc5 16. Qxa7 Bd6 17. Bg5 f6 18. Bh4 Rb6 19. Ba4 Qc8 20. dxc5 Ra6 21. Qxa6
Qxa6 22. cxd6 Qxa4 23. dxc7 Nd2 24. Bg3 Nxf1 25. Kxf1 Qc4+ 26. Kg1 Qxc3 27. Re1
Bg4 28. Re7 Qc5 29. Re1 Bxf3 30. gxf3 Rc8 31. Rd1 Kf7 32. a4 Ke6 0-1

[Event "28th WSCC2018 - Open 50+"]
[Site "Bled"]
[Date "2018.11.19"]
[Round "2.7"]
[White "Arkell, Keith C"]
[Black "Fritsch, Rolf"]
[Result "1-0"]
[WhiteElo "2443"]
[BlackElo "2189"]
[PlyCount "66"]
[EventDate "2018.11.18"]

1. d4 d6 2. Nf3 g6 3. g3 Bg7 4. Bg2 Nd7 5. c4 e5 6. Nc3 Ne7 7. O-O O-O 8. e4
exd4 9. Nxd4 Ne5 10. b3 Bg4 11. f3 Bd7 12. Be3 a6 13. a4 c5 14. Nde2 Qc7 15.
Qd2 Rfd8 16. Rad1 Bc6 17. h3 Qb6 18. Qc2 Bd7 19. f4 N5c6 20. Rxd6 Bd4 21. Qd3
Qc7 22. Rxd4 cxd4 23. Nxd4 f5 24. Nd5 Nxd5 25. exd5 Nb4 26. Qc3 Re8 27. Ne6
Bxe6 28. Qxb4 Bf7 29. Bb6 Qd7 30. Qc3 Rac8 31. Qd4 Re2 32. Bf3 Ree8 33. Kg2 Qe7
1-0

[Event "28th WSCC2018 - Open 50+"]
[Site "Bled"]
[Date "2018.11.19"]
[Round "2.8"]
[White "Bagaturov, Giorgi"]
[Black "Kannenberg, Karl-Heinz"]
[Result "1-0"]
[WhiteElo "2417"]
[BlackElo "2182"]
[PlyCount "103"]
[EventDate "2018.11.18"]

1. d4 d5 2. c4 c6 3. Nf3 Nf6 4. Qc2 dxc4 5. Qxc4 Bf5 6. g3 Nbd7 7. Bg2 e6 8.
O-O Be7 9. Nc3 O-O 10. e3 b5 11. Qe2 b4 12. Nb1 Qa5 13. Nbd2 Rac8 14. Re1 Qb5
15. Qxb5 cxb5 16. e4 Bg6 17. Bf1 a6 18. Bd3 Rfd8 19. Nb3 Nc5 20. dxc5 Rxd3 21.
Ne5 Rdd8 22. Bg5 Bxc5 23. Nxg6 hxg6 24. e5 Rd5 25. exf6 Rxg5 26. Rac1 a5 27.
Kg2 Rd5 28. Nxa5 Ra8 29. Nb3 Bf8 30. fxg7 Bxg7 31. Rc2 Rxa2 32. Ree2 Bf6 33. h4
Kg7 34. Kh3 Rd1 35. Nc5 Rb1 36. Nxe6+ fxe6 37. Rc7+ Kf8 38. Rxe6 Bd8 39. Rd7
Rbxb2 40. Rxd8+ Kf7 41. Rb6 Rd2 42. Rb7+ Ke6 43. Rg8 Kd5 44. Rxb5+ Kc4 45. Rgb8
Ra4 46. R5b6 Kc3 47. Rc6+ Kb2 48. Rxg6 b3 49. Rgb6 Rd3 50. h5 Kc2 51. h6 Ra5
52. Kg4 1-0

[Event "28th WSCC2018 - Open 50+"]
[Site "Bled"]
[Date "2018.11.19"]
[Round "2.9"]
[White "Chan, Peng Kong"]
[Black "Kalegin, Evgenij"]
[Result "0-1"]
[WhiteElo "2169"]
[BlackElo "2413"]
[PlyCount "82"]
[EventDate "2018.11.18"]

1. c4 e5 2. g3 Nc6 3. Nc3 Bb4 4. Nd5 Bc5 5. Bg2 Nge7 6. e3 Nxd5 7. cxd5 Ne7 8.
Ne2 c6 9. Nc3 d6 10. a3 O-O 11. O-O cxd5 12. d4 Bb6 13. Nxd5 Nxd5 14. Bxd5 Qe7
15. Kg2 Bf5 16. Qf3 Bd3 17. Rd1 e4 18. Qf4 Be2 19. Re1 Bf3+ 20. Kg1 Kh8 21. Bd2
f5 22. Bb4 Rad8 23. Qe5 Qg5 24. Qf4 Qf6 25. Qh4 g5 26. Qh3 Qg7 27. Be6 Bg4 28.
Qf1 a5 29. h3 Bf3 30. Qb5 axb4 31. Qxb6 f4 32. d5 fxg3 33. fxg3 Qxb2 34. Qd4+
Qxd4 35. exd4 bxa3 36. Rxa3 Ra8 37. Rea1 Rxa3 38. Rxa3 Be2 39. Ra2 Bc4 40. Rb2
e3 41. Bg4 Bxd5 0-1

[Event "28th WSCC2018 - Open 50+"]
[Site "Bled"]
[Date "2018.11.19"]
[Round "2.10"]
[White "Dougherty, Michael"]
[Black "Van Der Werf, Mark"]
[Result "1-0"]
[WhiteElo "2155"]
[BlackElo "2402"]
[PlyCount "111"]
[EventDate "2018.11.18"]

1. d4 Nf6 2. Nf3 c5 3. c3 e6 4. Bg5 Be7 5. Nbd2 b6 6. e4 h6 7. Bh4 Bb7 8. Bd3
d6 9. O-O O-O 10. Qe2 Nbd7 11. a4 a6 12. Rfe1 e5 13. Nc4 Qc7 14. b4 Rfe8 15.
bxc5 bxc5 16. d5 Nh5 17. Bxe7 Rxe7 18. g3 g6 19. Nh4 Ng7 20. f4 exf4 21. gxf4
Bxd5 22. Qd2 Bxc4 23. Bxc4 Kh7 24. Rad1 Nb6 25. Bb3 c4 26. Bc2 Qc5+ 27. Kh1 Rd8
28. f5 Qe5 29. Nf3 Qa5 30. f6 Ree8 31. fxg7 Kxg7 32. Qd4+ Kg8 33. Qf6 Nxa4 34.
e5 Re6 35. Qh4 g5 36. Qe4 Nxc3 37. Qh7+ Kf8 38. exd6 Rdxd6 39. Rxd6 Rxe1+ 40.
Nxe1 Qe5 41. Nf3 Qxd6 42. Qh8+ Ke7 43. Qxc3 Qd5 44. Kg1 f6 45. Nd2 Qc5+ 46. Kg2
Qd5+ 47. Be4 Qe6 48. Qb4+ Kf7 49. Qxc4 Qxc4 50. Nxc4 Ke6 51. Bb7 h5 52. Bxa6 h4
53. Bc8+ Kd5 54. Ne3+ Kd6 55. Kf3 Ke7 56. Kg4 1-0

[Event "28th WSCC2018 - Open 50+"]
[Site "Bled"]
[Date "2018.11.19"]
[Round "2.12"]
[White "Baimurzin, Aitkazy"]
[Black "Arakhamia-Grant, Ketevan"]
[Result "1/2-1/2"]
[WhiteElo "2154"]
[BlackElo "2373"]
[PlyCount "100"]
[EventDate "2018.11.18"]

1. c4 e5 2. Nc3 Nc6 3. g3 g6 4. Bg2 Bg7 5. d3 f5 6. e3 Nf6 7. Nge2 O-O 8. b3 d6
9. Bb2 Nh5 10. Qd2 f4 11. Bd5+ Kh8 12. O-O-O Ne7 13. exf4 Nxd5 14. Nxd5 c6 15.
Ndc3 exf4 16. gxf4 d5 17. cxd5 cxd5 18. Nb5 Bg4 19. Bxg7+ Kxg7 20. Nbd4 Nxf4
21. f3 Nxe2+ 22. Qxe2 Qf6 23. Qb2 Bd7 24. Rhe1 Rae8 25. a4 Kg8 26. Kb1 Qh4 27.
Rxe8 Rxe8 28. Ka2 Qf4 29. Rd2 b6 30. Rc2 a6 31. Qc3 b5 32. a5 h5 33. Qc5 Qf7
34. Qb6 Qg7 35. Rc7 Rc8 36. Rxc8+ Bxc8 37. Qd8+ Qf8 38. Qxd5+ Kh7 39. h4 Qe7
40. Qe4 Qb4 41. Nc6 Qd2+ 42. Ka3 Bf5 43. Qe7+ Kg8 44. Qd8+ Kg7 45. Qc7+ Kh6 46.
Nd8 Bxd3 47. Nf7+ Kg7 48. Ne5+ Kh6 49. Nf7+ Kg7 50. Ne5+ Kh6 1/2-1/2

[Event "28th WSCC2018 - Open 50+"]
[Site "Bled"]
[Date "2018.11.19"]
[Round "2.13"]
[White "Berend, Fred"]
[Black "Kranzl, Peter"]
[Result "1/2-1/2"]
[WhiteElo "2369"]
[BlackElo "2163"]
[PlyCount "101"]
[EventDate "2018.11.18"]

1. d4 Nf6 2. Nf3 g6 3. c4 c5 4. Nc3 cxd4 5. Nxd4 Bg7 6. e4 O-O 7. Be2 d6 8. O-O
Nc6 9. Be3 Nxd4 10. Bxd4 Bd7 11. Re1 Bc6 12. Bf1 e5 13. Be3 Nxe4 14. Nd5 f5 15.
Re2 Qd7 16. f3 Nf6 17. Nxf6+ Bxf6 18. Rd2 Rfd8 19. b4 b6 20. Qb3 Kg7 21. b5 Bb7
22. Rad1 Qc7 23. a4 Bc8 24. a5 Be6 25. Ra2 bxa5 26. Qa4 f4 27. Bf2 d5 28. cxd5
Rxd5 29. Rxd5 Bxd5 30. Qxa5 Qb7 31. Qxa7 Rxa7 32. Rxa7 e4 33. Rxb7+ Bxb7 34.
fxe4 Bxe4 35. b6 Be5 36. Be2 Kf7 37. Bf3 Bxf3 38. gxf3 Ke6 39. Kg2 Bb8 40. Kh3
Kf5 41. Kg2 g5 42. Bc5 h5 43. h3 g4 44. fxg4+ hxg4 45. hxg4+ Kxg4 46. Be7 Kf5
47. Kf3 Ke6 48. Bg5 Kd7 49. b7 Kc7 50. Bxf4+ Kxb7 51. Ke4 1/2-1/2

[Event "28th WSCC2018 - Open 50+"]
[Site "Bled"]
[Date "2018.11.19"]
[Round "2.14"]
[White "Gayson, Peter M"]
[Black "Mencinger, Vojko"]
[Result "0-1"]
[WhiteElo "2141"]
[BlackElo "2358"]
[PlyCount "74"]
[EventDate "2018.11.18"]

1. e4 c5 2. Nf3 d6 3. d4 cxd4 4. Nxd4 Nf6 5. Nc3 a6 6. Bc4 e6 7. O-O b5 8. Bb3
Qb6 9. Be3 Qb7 10. f3 Be7 11. Qd2 O-O 12. g4 Nbd7 13. g5 Ne8 14. Nxe6 fxe6 15.
Bxe6+ Kh8 16. Bd5 Qb8 17. Bxa8 Qxa8 18. Nd5 Bd8 19. f4 Bb7 20. Rad1 Qc8 21. Qg2
Nc5 22. f5 a5 23. Rf4 Kg8 24. Rh4 h6 25. Rg4 hxg5 26. Bxg5 Bxg5 27. Rxg5 Bxd5
28. Rxd5 Qc7 29. Rd4 Qe7 30. Rh5 Nf6 31. Rh4 Re8 32. Qg6 d5 33. Rxd5 Ncxe4 34.
Rd4 Ng5 35. Qxg5 Qe1+ 36. Kg2 Re2+ 37. Kh3 Qf1+ 0-1

[Event "28th WSCC2018 - Open 50+"]
[Site "Bled"]
[Date "2018.11.19"]
[Round "2.16"]
[White "Metge, J. Nigel"]
[Black "Plotkin, Victor"]
[Result "0-1"]
[WhiteElo "2130"]
[BlackElo "2307"]
[PlyCount "132"]
[EventDate "2018.11.18"]

1. d4 Nf6 2. c4 e6 3. Nc3 Bb4 4. e3 d5 5. Nf3 O-O 6. a3 Be7 7. Qc2 Nbd7 8. Bd3
c5 9. O-O dxc4 10. Bxc4 a6 11. dxc5 Bxc5 12. b4 Ba7 13. Bb2 b5 14. Be2 Bb7 15.
a4 bxa4 16. Rfd1 Qe7 17. Qxa4 Rfc8 18. Qb3 Bb8 19. h3 Bd6 20. Ba3 Nb6 21. b5
Bxa3 22. Qxa3 Qxa3 23. Rxa3 axb5 24. Rxa8 Rxa8 25. Nxb5 Nbd5 26. Nd6 Nc3 27.
Rd2 Nxe2+ 28. Rxe2 Bxf3 29. gxf3 Rd8 30. Rc2 Kf8 31. Rc8 Rxc8 32. Nxc8 Nd5 33.
f4 f5 34. Kg2 Kf7 35. Nd6+ Kf6 36. Kf3 Nc3 37. Nc4 Ne4 38. Ne5 h6 39. Nd7+ Ke7
40. Ne5 Kd6 41. Nf7+ Kd5 42. Ne5 Nd2+ 43. Ke2 Nc4 44. Ng6 Na5 45. Ne7+ Kc4 46.
Ng6 Nb3 47. Nf8 Nc5 48. Kd2 Kd5 49. f3 Kd6 50. Ng6 Nd7 51. e4 Nb8 52. Ke3 Nc6
53. Nh4 Ne7 54. Kd4 g6 55. Ng2 Nc6+ 56. Ke3 Ke7 57. Kd3 Kf6 58. Kc4 e5 59. Kc5
Nd4 60. fxe5+ Kxe5 61. exf5 gxf5 62. Nh4 Ne6+ 63. Kc4 Ng5 64. Kd3 Nxh3 65. Ke3
Nf4 66. Kf2 Kf6 0-1

[Event "28th WSCC2018 - Open 50+"]
[Site "Bled"]
[Date "2018.11.19"]
[Round "2.17"]
[White "Jensen, Stein"]
[Black "Mannion, Stephen R"]
[Result "0-1"]
[WhiteElo "2011"]
[BlackElo "2286"]
[PlyCount "60"]
[EventDate "2018.11.18"]

1. c4 e5 2. Nc3 Bb4 3. g3 Bxc3 4. bxc3 Nc6 5. Bg2 d6 6. Rb1 Nge7 7. d3 O-O 8.
Nf3 Rb8 9. O-O h6 10. Ne1 Bg4 11. Nc2 Qd7 12. Ne3 Bh3 13. Nd5 Bxg2 14. Kxg2 f5
15. f4 exf4 16. Bxf4 Ng6 17. Qd2 Nce5 18. h3 c6 19. Ne3 Rbe8 20. Nc2 d5 21. c5
Nxf4+ 22. gxf4 Ng6 23. Nd4 Re7 24. Rf2 Rfe8 25. Kh2 Nh4 26. Nc2 Rxe2 27. Rxe2
Nf3+ 28. Kg2 Nxd2 29. Rxd2 Qc7 30. Kf3 Qa5 0-1

[Event "28th WSCC2018 - Open 50+"]
[Site "Bled"]
[Date "2018.11.19"]
[Round "2.18"]
[White "Lagunov, Evgenij"]
[Black "Gavrish, Leonid"]
[Result "1/2-1/2"]
[WhiteElo "2272"]
[BlackElo "2144"]
[PlyCount "122"]
[EventDate "2018.11.18"]

1. e4 d6 2. d4 Nf6 3. Nc3 g6 4. f4 Bg7 5. Nf3 O-O 6. e5 dxe5 7. fxe5 Nd5 8. Bc4
Be6 9. Nxd5 Bxd5 10. Bxd5 Qxd5 11. Qe2 f6 12. c4 Qe6 13. d5 Qb6 14. e6 Na6 15.
Be3 Qb4+ 16. Kf2 c6 17. Rhd1 cxd5 18. cxd5 Rfd8 19. Rac1 f5 20. a3 Qxb2 21.
Qxb2 Bxb2 22. Rb1 Bxa3 23. Rxb7 Nc5 24. Rc7 Ne4+ 25. Kf1 a5 26. Ng5 Bd6 27. Rb7
Rdb8 28. Rxb8+ Rxb8 29. Nxe4 fxe4 30. g3 a4 31. Bd4 a3 32. Ke2 a2 33. Rd2 Ra8
34. Ba1 Bc5 35. Rc2 Ra5 36. Rc4 e3 37. Rf4 Bd6 38. Rc4 Bc5 39. h4 Kf8 40. g4
Ke8 41. Bc3 h6 42. g5 hxg5 43. hxg5 Rb5 44. Ra4 Kd8 45. Rxa2 Bd6 46. Ra5 Rxa5
47. Bxa5+ Ke8 48. Kxe3 Ba3 49. Bd2 Bb2 50. Ke4 Ba3 51. Bf4 Bb4 52. Kd4 Ba3 53.
Kc4 Bb2 54. Kc5 Ba3+ 55. Kc6 Bb4 56. Kb5 Ba3 57. Kc4 Bb2 58. Kd3 Ba3 59. Ke4
Bb4 60. Be5 Bd2 61. Bf4 Bb4 1/2-1/2

[Event "28th WSCC2018 - Open 50+"]
[Site "Bled"]
[Date "2018.11.19"]
[Round "2.20"]
[White "Namyslo, Holger"]
[Black "Smolin, Sergey"]
[Result "1-0"]
[WhiteElo "2254"]
[BlackElo "2140"]
[PlyCount "73"]
[EventDate "2018.11.18"]

1. e4 g6 2. d4 Bg7 3. Nf3 d6 4. Bc4 e6 5. Bb3 Ne7 6. O-O Nd7 7. Re1 h6 8. Nbd2
a5 9. c3 Nb6 10. a4 Bd7 11. Nf1 Bc6 12. Ng3 d5 13. e5 Nd7 14. Bc2 b6 15. b4 Bb7
16. Ba3 Bf8 17. Bd3 Bc6 18. b5 Bb7 19. h4 Nc8 20. Bxf8 Nxf8 21. h5 Ne7 22. Nh2
Nf5 23. hxg6 fxg6 24. Ng4 Qg5 25. Nf6+ Ke7 26. Bxf5 exf5 27. Qf3 Ne6 28. Nxd5+
Bxd5 29. Qxd5 Rad8 30. Qc6 Nf4 31. Qxc7+ Rd7 32. Qc6 Kd8 33. Qa8+ Kc7 34. Qxh8
h5 35. Qf6 Qg4 36. Qc6+ Kd8 37. e6 1-0

[Event "28th WSCC2018 - Open 50+"]
[Site "Bled"]
[Date "2018.11.19"]
[Round "2.21"]
[White "Matthews, Shane"]
[Black "Resika, Nathan"]
[Result "1-0"]
[WhiteElo "2243"]
[BlackElo "2124"]
[PlyCount "75"]
[EventDate "2018.11.18"]

1. e4 c5 2. Nf3 Nc6 3. d4 cxd4 4. Nxd4 Nf6 5. Nc3 d6 6. Bc4 e6 7. Be3 a6 8. Bb3
Qc7 9. Qe2 Bd7 10. O-O-O b5 11. a3 Na5 12. Kb1 Be7 13. g4 Nxb3 14. cxb3 b4 15.
axb4 Qb7 16. Bc1 O-O 17. g5 Ne8 18. f4 Nc7 19. f5 Rfb8 20. Rhf1 Qxb4 21. e5 d5
22. g6 hxg6 23. fxg6 fxg6 24. Qg4 Rf8 25. Qxg6 Rxf1 26. Rxf1 Rf8 27. Rg1 Rf7
28. Rg4 Qc5 29. h4 Bf8 30. h5 Qe7 31. h6 Be8 32. Qd3 Rf2 33. Bg5 Qf7 34. hxg7
Bc5 35. Bf6 Rxf6 36. exf6 Qxf6 37. Nc2 Bf7 38. Qh3 1-0

[Event "28th WSCC2018 - Open 50+"]
[Site "Bled"]
[Date "2018.11.19"]
[Round "2.23"]
[White "Metz, Hartmut"]
[Black "Cmiel, Thorsten"]
[Result "1/2-1/2"]
[WhiteElo "2296"]
[BlackElo "2122"]
[PlyCount "26"]
[EventDate "2018.11.18"]

1. e4 c5 2. Nf3 d6 3. d4 cxd4 4. Nxd4 Nf6 5. Nc3 g6 6. g3 Nc6 7. Nde2 b6 8. Bg2
Ba6 9. O-O Bg7 10. Re1 O-O 11. h3 Rc8 12. Kh2 Nd7 13. Nd5 e6 1/2-1/2

[Event "28th WSCC2018 - Open 50+"]
[Site "Bled"]
[Date "2018.11.19"]
[Round "2.24"]
[White "Kainz, Josef"]
[Black "Vareille, Francois"]
[Result "1/2-1/2"]
[WhiteElo "1907"]
[BlackElo "2432"]
[PlyCount "48"]
[EventDate "2018.11.18"]

1. d4 Nf6 2. c4 g6 3. g3 Bg7 4. Bg2 d5 5. cxd5 Nxd5 6. e4 Nb4 7. d5 c6 8. a3
Qa5 9. Nc3 cxd5 10. Bf4 N4c6 11. exd5 Nd4 12. Nf3 Bg4 13. O-O O-O 14. Re1 e6
15. Be5 Bxf3 16. Bxf3 Bxe5 17. Rxe5 Nbc6 18. Re3 exd5 19. Bxd5 Rad8 20. b4 Qb6
21. Rd3 a6 22. Ra2 Nf5 23. Rad2 Rde8 24. Be4 Re5 1/2-1/2

[Event "28th WSCC2018 - Open 50+"]
[Site "Bled"]
[Date "2018.11.19"]
[Round "2.25"]
[White "Giulian, Rosemary A"]
[Black "Mukanov, Saltanat"]
[Result "1/2-1/2"]
[WhiteElo "1886"]
[BlackElo "2250"]
[PlyCount "55"]
[EventDate "2018.11.18"]

1. e4 c5 2. c3 Nf6 3. e5 Nd5 4. d4 cxd4 5. cxd4 e6 6. Nf3 b6 7. a3 Be7 8. Bd3
O-O 9. Qe2 f5 10. exf6 Nxf6 11. Be3 a5 12. O-O Ba6 13. Nc3 Bxd3 14. Qxd3 Na6
15. d5 Nc5 16. Qd1 Nfe4 17. Nxe4 Nxe4 18. dxe6 dxe6 19. Qb3 Nc5 20. Bxc5 Bxc5
21. Qxe6+ Kh8 22. Rad1 Qc7 23. Rd7 Qf4 24. Qd5 Rae8 25. Qd2 h6 26. Qxf4 Rxf4
27. Rd2 Kh7 28. h3 1/2-1/2

[Event "28th WSCC2018 - Open 50+"]
[Site "Bled"]
[Date "2018.11.19"]
[Round "2.26"]
[White "Peter, Steven"]
[Black "Stentebjerg-Hansen, Per"]
[Result "1/2-1/2"]
[WhiteElo "2040"]
[BlackElo "2219"]
[PlyCount "40"]
[EventDate "2018.11.18"]

1. d4 d5 2. Bf4 Nf6 3. e3 c5 4. c3 Nc6 5. Nd2 e6 6. Ngf3 Bd6 7. Bg3 Bxg3 8.
hxg3 Qd6 9. Bb5 Bd7 10. Qe2 a6 11. Bd3 h6 12. Rd1 O-O 13. dxc5 Qxc5 14. e4 dxe4
15. Nxe4 Nxe4 16. Qxe4 f5 17. Qc4 Qe7 18. O-O Rad8 19. Rfe1 Bc8 20. Bc2 Qf6
1/2-1/2

[Event "28th WSCC2018 - Open 50+"]
[Site "Bled"]
[Date "2018.11.19"]
[Round "2.27"]
[White "Bergstrom, Rolf"]
[Black "Lopez De Turiso, Jose Angel"]
[Result "1/2-1/2"]
[WhiteElo "2216"]
[BlackElo "1934"]
[PlyCount "48"]
[EventDate "2018.11.18"]

1. e4 e5 2. Nf3 Nc6 3. Nc3 Nf6 4. a3 d6 5. d4 Bg4 6. Bb5 Nd7 7. Bxc6 bxc6 8.
Be3 Be7 9. h3 Bxf3 10. Qxf3 Bg5 11. O-O-O exd4 12. Rxd4 Bf6 13. Rb4 a5 14. Rb3
a4 15. Rb4 c5 16. Rxa4 Bxc3 17. Rxa8 Bxb2+ 18. Kxb2 Qxa8 19. Qg4 Ne5 20. Qxg7
Kd7 21. Kc1 Qxa3+ 22. Kd1 Rb8 23. Bc1 Rb1 24. Qg5 Qc3 1/2-1/2

[Event "28th WSCC2018 - Open 50+"]
[Site "Bled"]
[Date "2018.11.19"]
[Round "2.28"]
[White "Teo, Kok Siong"]
[Black "Severcan, Sedat Sabri"]
[Result "1-0"]
[WhiteElo "2191"]
[BlackElo "1883"]
[PlyCount "85"]
[EventDate "2018.11.18"]

1. d4 Nf6 2. Nf3 g6 3. c4 Bg7 4. Nc3 O-O 5. e4 d6 6. Be2 e5 7. O-O Nc6 8. d5
Ne7 9. b4 Ne8 10. c5 f5 11. Qb3 Kh8 12. Ng5 f4 13. Ne6 Bxe6 14. dxe6 g5 15. Rd1
Nf6 16. f3 a6 17. b5 axb5 18. Qxb5 c6 19. Qxb7 Rb8 20. Qa6 d5 21. exd5 cxd5 22.
a4 Ra8 23. Qd6 Qa5 24. Bd2 Nf5 25. Nb5 Nxd6 26. Bxa5 Nf5 27. Bb6 e4 28. c6 Ne8
29. Ra2 Rc8 30. c7 Ne3 31. Rc1 Be5 32. Na7 Rxc7 33. Bxc7 Nxc7 34. Nc6 Bd6 35.
e7 Re8 36. a5 Kg7 37. fxe4 dxe4 38. Bh5 Rg8 39. a6 Ned5 40. a7 Nb6 41. Nd4 Kf6
42. Rxc7 Bxc7 43. e8=Q 1-0

[Event "28th WSCC2018 - Open 50+"]
[Site "Bled"]
[Date "2018.11.19"]
[Round "2.29"]
[White "Parrella, Alfredo"]
[Black "Serafim Junior, Arnor"]
[Result "1/2-1/2"]
[WhiteElo "2123"]
[BlackElo "1845"]
[PlyCount "37"]
[EventDate "2018.11.18"]

1. e4 c5 2. Nf3 e6 3. g3 Nc6 4. Bg2 Nf6 5. Qe2 Qc7 6. c3 Be7 7. O-O d5 8. e5
Nd7 9. d4 b6 10. Na3 a6 11. Nc2 Bb7 12. Bg5 h6 13. Be3 a5 14. Rfc1 Ba6 15. Qd2
a4 16. Nfe1 Na5 17. Rcb1 Nc4 18. Qc1 Nxe3 19. Qxe3 1/2-1/2

[Event "28th WSCC2018 - Open 50+"]
[Site "Bled"]
[Date "2018.11.19"]
[Round "2.33"]
[White "Araya Umana, Carlos"]
[Black "Lochte, Thomas"]
[Result "0-1"]
[WhiteElo "1870"]
[BlackElo "2105"]
[PlyCount "112"]
[EventDate "2018.11.18"]

1. Nf3 Nf6 2. g3 c5 3. Bg2 d5 4. O-O Nc6 5. d4 cxd4 6. Nxd4 e5 7. Nxc6 bxc6 8.
c4 Be6 9. Nc3 Qd7 10. cxd5 cxd5 11. Bg5 e4 12. Qd4 Be7 13. Rfd1 Rc8 14. e3 h6
15. Bf4 O-O 16. Qd2 Rfd8 17. Be5 Bg4 18. Rdc1 Qf5 19. Bd4 Nd7 20. Ne2 Bb4 21.
Qxb4 Bxe2 22. Qd2 Bd3 23. Rc3 Nb6 24. Bxb6 axb6 25. Rac1 Qd7 26. Bf1 Bxf1 27.
Kxf1 Rxc3 28. Qxc3 Qb5+ 29. Kg2 Qe2 30. Qc7 Ra8 31. Qe5 Qf3+ 32. Kg1 Rxa2 33.
Qb8+ Kh7 34. Qxb6 Qe2 35. Qc7 Qxb2 36. Rf1 Qf6 37. Qc5 Rd2 38. Qb4 Rd3 39. Qb7
Qf3 40. Qb1 g5 41. Qc2 h5 42. Re1 h4 43. Qe2 Qxe2 44. Rxe2 h3 45. Re1 Kg6 46.
Kf1 Rd2 47. Rb1 Kf5 48. Ke1 Ra2 49. Rd1 Kg4 50. Rxd5 f5 51. Rc5 Ra1+ 52. Ke2
Rh1 53. Rc4 Rxh2 54. Rc1 Rg2 55. Rc8 Rg1 56. Rh8 Ra1 0-1

[Event "28th WSCC2018 - Open 50+"]
[Site "Bled"]
[Date "2018.11.19"]
[Round "2.34"]
[White "Melkevik, Johannes"]
[Black "Siedl, Manfred"]
[Result "1-0"]
[WhiteElo "1865"]
[BlackElo "2071"]
[PlyCount "55"]
[EventDate "2018.11.18"]

1. d4 d5 2. Bf4 Nf6 3. e3 g6 4. Nc3 Bg7 5. h4 c6 6. h5 Nxh5 7. Rxh5 gxh5 8.
Qxh5 Nd7 9. Qh2 Nf6 10. Nf3 Bf5 11. O-O-O Qc8 12. Ne5 Ng4 13. Nxg4 Bxg4 14. Qg3
Bf6 15. f3 Bf5 16. e4 dxe4 17. Nxe4 Bxe4 18. fxe4 e6 19. d5 Qd7 20. e5 Be7 21.
d6 O-O-O 22. Qa3 Kb8 23. Rd3 Bf8 24. Be3 a6 25. Rb3 Bxd6 26. exd6 Qxd6 27.
Qxd6+ Rxd6 28. Bf4 1-0